Đọc vị bất kỳ ai : Áp dụng trong doanh nghiệp

Sách sử dụng những chiến lược tâm lý hiệu quả nhất để tạo ra ưu thế vượt trội trong bất kì tình huống công việc nào.

Sparad:
Bibliografiska uppgifter
Huvudupphovsman: Lieberman, David J.
Materialtyp: Bok
Språk:Undetermined
Publicerad: Hà Nội Công thương 2019
Ämnen:
Taggar: Lägg till en tagg
Inga taggar, Lägg till första taggen!
Thư viện lưu trữ: Trung tâm Học liệu Trường Đại học Cần Thơ
LEADER 00829nam a2200217Ia 4500
001 CTU_231117
008 210402s9999 xx 000 0 und d
020 |c 89000 
082 |a 158.2 
082 |b L716 
100 |a Lieberman, David J. 
245 0 |a Đọc vị bất kỳ ai : 
245 0 |b Áp dụng trong doanh nghiệp 
245 0 |c David J. Lieberman ; Xuân Chi (dịch) 
260 |a Hà Nội 
260 |b Công thương 
260 |c 2019 
520 |a Sách sử dụng những chiến lược tâm lý hiệu quả nhất để tạo ra ưu thế vượt trội trong bất kì tình huống công việc nào. 
650 |a Tâm lý học, ứng dụng,Psychology, applied 
910 |b vtbtruc 
980 |a Trung tâm Học liệu Trường Đại học Cần Thơ